Soccermania / (Record no. 2661)

MARC details
000 -LEADER
fixed length control field 00882nam a22002417a 4500
005 - DATE AND TIME OF LATEST TRANSACTION
control field 20240109092114.0
020 ## - INTERNATIONAL STANDARD BOOK NUMBER
International Standard Book Number 9780545665162
040 ## - CATALOGING SOURCE
Original cataloging agency FISKH
Language of cataloging eng
Transcribing agency FISKH
Modifying agency FISKH
050 ## - LIBRARY OF CONGRESS CALL NUMBER
Classification number GV943.L663
082 ## - DEWEY DECIMAL CLASSIFICATION NUMBER
Classification number 796.334
100 ## - MAIN ENTRY--PERSONAL NAME
Personal name Lombana, Juan Pablo
245 ## - TITLE STATEMENT
Title Soccermania /
Statement of responsibility, etc. Futbolmania ; Juan Pablo Lombana ; illustrated by Zamie Casazola
250 ## - EDITION STATEMENT
Edition statement First printing, January 2014
260 ## - PUBLICATION, DISTRIBUTION, ETC.
Place of publication, distribution, etc. New York :
Name of publisher, distributor, etc. Scholastic,
Date of publication, distribution, etc. 2014
300 ## - PHYSICAL DESCRIPTION
Extent 57 pages ;
Other physical details color illustrations ;
Dimensions 20cm
505 ## - FORMATTED CONTENTS NOTE
Formatted contents note Y
520 ## - SUMMARY, ETC.
Summary, etc. Full of interesting facts, cool statistics, amazing anecdotes, and fun illustrations, Soccermania/Futolmanía will feed your passion and tell you everything you need to know about the most popular sport in the world!
521 ## - TARGET AUDIENCE NOTE
Target audience note 910
Source Lexile
521 ## - TARGET AUDIENCE NOTE
Target audience note Y
Source Raz-Plus
700 ## - ADDED ENTRY--PERSONAL NAME
Personal name Casazola, Zamie
Relator term illustrator
942 ## - ADDED ENTRY ELEMENTS (KOHA)
Source of classification or shelving scheme Dewey Decimal Classification
Koha item type Books
Suppress in OPAC No
999 ## -
-- 2661
-- 2661
Holdings
Withdrawn status Lost status Source of classification or shelving scheme Damaged status Not for loan Collection Home library Current library Shelving location Date acquired Total Checkouts Full call number Barcode Date last seen Price effective from Koha item type
    Dewey Decimal Classification     Non-Fiction Footprints International School Library Network Toul Kork Campus Footprints International School Library Network Toul Kork Campus TTP Secondary Non-Fiction Bookshelves 01/09/2024   LOM 796.334 GV943.L663 FISBK00525 01/09/2024 01/09/2024 Books